00000000nas##2200000za#4500
0019.511223
003CaOODSP
00520200325112239
007ta
008150406c2002||||xxc|| p #||||f|   |0fre|d
040 |aCaOODSP|bfre
041 |aeng
041 |afre
043 |an-cn---
0861 |aFo29-53
1101 |aCanada.|bRessources naturelles Canada. |bService canadien des forêts.
24510|aInnovations : |ble bulletin du Réseau canadien de forêts modèles / |cPublié par le Réseau canadien de forêts modèles.
260 |aOttawa - Ontario : |bRessources naturelles Canada.
310 |aIrrégulier
3621 |a[Juillet 2002]--
563 |aCouverture souple
791 |tInnovations : |eeng|w(CaOODSP)9.511222